000 00686nam a2200253Ia 4500
003 OSt
005 20221006160505.0
006 a|||||r|||| 00| 0
007 ta
008 221006b |||||||| |||| 00| 0 eng d
024 _a45,306
037 _cSeries Articles
040 _aEASL
_cEASL
_beng
041 _2eng
_aeng
100 _aSadiki Larbi
_9673863
245 0 _aLibya's arab spring
_b The long road from revolution to democracy
260 _aLos
_bAngeles Sage Publications London
_c2012
300 _a285-314pp.
_ccm.
490 _v49
650 _a Democracy
650 _aAsian Studies
942 _cREF
_2CC
999 _c1113398
_d1113398